LIBRARY & INFORMATION CENTRE, KCAET, TAVANUR

ONLINE PUBLIC ACCESS CATALOGUE (OPAC)

Re-inforced concrete structures / (Record no. 5535)

MARC details
000 -LEADER
fixed length control field 00417cam a2200169ua 4500
003 - CONTROL NUMBER IDENTIFIER
control field OSt
008 - FIXED-LENGTH DATA ELEMENTS--GENERAL INFORMATION
fixed length control field 250602b |||||||| |||| 00| 0 eng d
041 ## - LANGUAGE CODE
Language code of text/sound track or separate title eng
082 ## - DEWEY DECIMAL CLASSIFICATION NUMBER
Classification number 624.177
Item number SYA/RE
100 ## - MAIN ENTRY--AUTHOR NAME
Personal name Syal, I C .
245 ## - TITLE STATEMENT
Title Re-inforced concrete structures /
250 ## - EDITION STATEMENT
Edition statement 1 /
260 ## - PUBLICATION, DISTRIBUTION, ETC. (IMPRINT)
Place of publication :
Name of publisher A H Wheeler and co pvt ltd ,
Year of publication 1984.
300 ## - PHYSICAL DESCRIPTION
Number of Pages 514 ; .
700 1# - ADDED ENTRY--PERSONAL NAME
Personal name Goel, A K .
942 ## - ADDED ENTRY ELEMENTS (KOHA)
Koha item type Books
Holdings
Withdrawn status Lost status Damaged status Home library Current library Date acquired Full call number Accession Number Koha item type
      KAUAET KAUAET 09/03/1987 624.177 SYA/RE 16007 Books
free website counter